[Event "Cearenses-ch"]
[Site "Fortaleza"]
[Date "2014.11.16"]
[Round "5"]
[White "De Andrade, Jose Roberto Moreir"]
[Black "De Matos, Rodrigo Bezerra"]
[Result "1-0"]
[WhiteElo "1890"]
[BlackElo "1985"]
[PlyCount "91"]
[EventDate "2014.11.13"]
[EventType "swiss"]
[EventRounds "6"]
[EventCountry "BRA"]
[SourceTitle "EXT 2022"]
[Source "ChessBase"]
[SourceDate "2021.10.06"]
[SourceVersion "1"]
[SourceVersionDate "2021.10.06"]
[SourceQuality "1"]

1. d4 Nf6 2. Nf3 g6 3. e3 d5 4. c4 Bg7 5. Nc3 0-0 6. Qc2 Na6 7. a3 c5 8. cxd5 cxd4 9. exd4 Nxd5 10. Bxa6 bxa6 11. 0-0 Bf5 12. Qe2 Bg4 13. h3 Nxc3 14. bxc3 Be6 15. Bf4 Rc8 16. Qd2 Qa5 17. Rfc1 Rfd8 18. Ng5 Bd5 19. Qe3 Bf6 20. Ne4 Bxe4 21. Qxe4 Rxc3 22. Bh6 Rxc1+ 23. Rxc1 Qxa3 24. g3 Qd6 25. d5 Qe5 26. Qf3 Bg7 27. Bf4 Qf5 28. g4 Qf6 29. Qe3 a5 30. Bg5 Qe5 31. Bxe7 Qxe3 32. fxe3 Rb8 33. d6 Bf8 34. d7 Bxe7 35. Rc8+ Kg7 36. Rxb8 Kf6 37. d8Q Bxd8 38. Rxd8 Ke5 39. Ra8 Ke4 40. Kf2 f5 41. Rxa7 h5 42. Rxa5 fxg4 43. hxg4 h4 44. Ra4+ Ke5 45. Kf3 g5 46. Ra6 1-0

[Event "Cearenses-ch"]
[Site "Fortaleza"]
[Date "2014.11.15"]
[Round "3"]
[White "De Matos, Rodrigo Bezerra"]
[Black "Laroca, Alvaro Ney"]
[Result "1-0"]
[WhiteElo "1985"]
[BlackElo "1568"]
[PlyCount "45"]
[EventDate "2014.11.13"]
[EventType "swiss"]
[EventRounds "6"]
[EventCountry "BRA"]
[SourceTitle "EXT 2022"]
[Source "ChessBase"]
[SourceDate "2021.10.06"]
[SourceVersion "1"]
[SourceVersionDate "2021.10.06"]
[SourceQuality "1"]

1. Nf3 Nf6 2. c4 c5 3. Nc3 d5 4. cxd5 Nxd5 5. d4 Nxc3 6. bxc3 Bg4 7. Ne5 Bd7 8. Nxd7 Qxd7 9. e4 cxd4 10. cxd4 e6 11. Rb1 Nc6 12. d5 exd5 13. exd5 0-0-0 14. Bc4 Bb4+ 15. Bd2 Bxd2+ 16. Qxd2 Rhe8+ 17. Kf1 Re4 18. Qc2 Qf5 19. Bd3 Kb8 20. Bxe4 Qf4 21. dxc6 Rd2 22. c7+ Kc8 23. Bf5+ 1-0

[Event "Fortaleza Alves Memorial 19th"]
[Site "Fortaleza"]
[Date "2014.05.18"]
[Round "6"]
[White "Pinto, Carlos Henrique Lop"]
[Black "De Matos, Rodrigo Bezerra"]
[Result "1/2-1/2"]
[WhiteElo "2077"]
[BlackElo "1980"]
[PlyCount "100"]
[EventDate "2014.05.16"]
[EventType "swiss"]
[EventRounds "6"]
[EventCountry "BRA"]
[SourceTitle "CBM 160 Extra"]
[Source "ChessBase"]
[SourceDate "2014.07.01"]
[SourceVersion "1"]
[SourceVersionDate "2014.07.01"]
[SourceQuality "1"]

1. d4 Nf6 2. c4 g6 3. Nc3 d5 4. Nf3 Bg7 5. Bg5 Ne4 6. cxd5 Nxg5 7. Nxg5 e6 8. Nf3 exd5 9. e3 0-0 10. Bd3 c6 11. Qc2 Nd7 12. 0-0 Nf6 13. h3 Qd6 14. a3 Re8 15. b4 Bd7 16. Ne5 Be6 17. Rac1 Nd7 18. Nf3 a5 19. Ng5 axb4 20. axb4 Qe7 21. Nxe6 fxe6 22. f4 Ra3 23. Nb1 Ra7 24. Qb3 Rea8 25. Rf2 Ra4 26. Rb2 Bf8 27. b5 c5 28. dxc5 Nxc5 29. Qd1 b6 30. Re2 Qf6 31. Rf2 Nxd3 32. Qxd3 Bc5 33. Kh2 Ra1 34. Rfc2 R8a5 35. g4 R1a2 36. Nd2 R5a3 37. Rc3 g5 38. f5 Qe5+ 39. Kg2 exf5 40. gxf5 Bd6 41. Rxa3 Rxd2+ 42. Qxd2 Qh2+ 43. Kf3 Qxd2 44. Rc8+ Kf7 45. Ra7+ Kf6 46. Rc6 Qd1+ 47. Kf2 Qd2+ 48. Kf3 Qd1+ 49. Kf2 Qd2+ 50. Kf1 Qd1+ 1/2-1/2

[Event "Fortaleza Alves Memorial 19th"]
[Site "Fortaleza"]
[Date "2014.05.17"]
[Round "3"]
[White "De Matos, Rodrigo Bezerra"]
[Black "Azevedo Junior, Jose Ferreira"]
[Result "0-1"]
[WhiteElo "1980"]
[BlackElo "2063"]
[PlyCount "82"]
[EventDate "2014.05.16"]
[EventType "swiss"]
[EventRounds "6"]
[EventCountry "BRA"]
[SourceTitle "CBM 160 Extra"]
[Source "ChessBase"]
[SourceDate "2014.07.01"]
[SourceVersion "1"]
[SourceVersionDate "2014.07.01"]
[SourceQuality "1"]

1. d4 d5 2. c4 c6 3. Nf3 Nf6 4. e3 Bg4 5. h3 Bh5 6. Nc3 e6 7. g4 Bg6 8. Ne5 Ne4 9. Nxg6 Nxc3 10. bxc3 hxg6 11. a4 Nd7 12. Qc2 Bd6 13. Ba3 Nf6 14. Bg2 Rb8 15. Bxd6 Qxd6 16. g5 Nd7 17. h4 dxc4 18. Qe2 b5 19. axb5 cxb5 20. Rxa7 b4 21. Qxc4 b3 22. 0-0 Rxh4 23. f4 Nb6 24. Qc6+ Qxc6 25. Bxc6+ Kf8 26. Rb1 Nc4 27. Rb7 Rxb7 28. Bxb7 Nxe3 29. Rxb3 Rxf4 30. Rb5 Rf5 31. Rxf5 gxf5 32. Ba6 Ke7 33. c4 Kd6 34. Bb5 Nc2 35. c5+ Kd5 36. Bc4+ Kc6 37. d5+ exd5 38. Bd3 Nd4 39. Kf2 f4 40. Bh7 Kxc5 41. Bg8 Kd6 0-1

[Event "Fortaleza Alves Memorial 19th"]
[Site "Fortaleza"]
[Date "2014.05.16"]
[Round "1"]
[White "De Matos, Rodrigo Bezerra"]
[Black "Da Silva, Claus Benicio"]
[Result "1-0"]
[WhiteElo "1980"]
[BlackElo "1711"]
[PlyCount "80"]
[EventDate "2014.05.16"]
[EventType "swiss"]
[EventRounds "6"]
[EventCountry "BRA"]
[SourceTitle "CBM 160 Extra"]
[Source "ChessBase"]
[SourceDate "2014.07.01"]
[SourceVersion "1"]
[SourceVersionDate "2014.07.01"]
[SourceQuality "1"]

1. e4 c5 2. Nf3 d6 3. d4 cxd4 4. Nxd4 Nf6 5. Nc3 a6 6. Be2 b5 7. 0-0 Bb7 8. Bf3 e6 9. e5 Nd5 10. Bxd5 Bxd5 11. Nxd5 dxe5 12. Nxe6 fxe6 13. Qh5+ Kd7 14. Qf7+ Kc6 15. Qxe6+ Bd6 16. Nb4+ Kb7 17. Rd1 Kc7 18. c4 Re8 19. Qf7+ Qd7 20. Nd5+ Kc6 21. cxb5+ axb5 22. Nb4+ Kc7 23. Qf3 Nc6 24. Nxc6 Qxc6 25. Qxc6+ Kxc6 26. Be3 Rad8 27. Rac1+ Kb7 28. Rd5 b4 29. Rcd1 Kc6 30. Bc5 Re6 31. Bxb4 h6 32. Rxd6+ Rdxd6 33. Rxd6+ Rxd6 34. Bxd6 Kxd6 35. Kf1 Kd5 36. Ke2 Ke4 37. a4 g5 38. a5 Kd5 39. b4 Kc6 40. Kd3 Kb5 1-0

[Event "Fortaleza Alves Memorial 19th"]
[Site "Fortaleza"]
[Date "2014.05.16"]
[Round "2"]
[White "De Saboya E Silva, Jose Frederic"]
[Black "De Matos, Rodrigo Bezerra"]
[Result "1/2-1/2"]
[WhiteElo "2175"]
[BlackElo "1980"]
[PlyCount "139"]
[EventDate "2014.05.16"]
[EventType "swiss"]
[EventRounds "6"]
[EventCountry "BRA"]
[SourceTitle "CBM 160 Extra"]
[Source "ChessBase"]
[SourceDate "2014.07.01"]
[SourceVersion "1"]
[SourceVersionDate "2014.07.01"]
[SourceQuality "1"]

1. Nf3 Nf6 2. d4 e6 3. Bf4 d5 4. e3 Bd6 5. Ne5 0-0 6. Bd3 c5 7. c3 b6 8. Qf3 Ba6 9. Bc2 Qc7 10. Nd2 Nc6 11. Nxc6 Bxf4 12. Qxf4 Qxc6 13. Qh4 cxd4 14. exd4 Rfe8 15. 0-0-0 b5 16. a3 e5 17. dxe5 Rxe5 18. Nf3 Rh5 19. Qd4 Bc8 20. Ne5 Qc7 21. Rde1 Be6 22. h4 Nd7 23. Nxd7 Qxd7 24. Bd1 Rh6 25. g4 Rc8 26. g5 Rg6 27. Bh5 a5 28. Bxg6 hxg6 29. b3 b4 30. axb4 axb4 31. Re3 Qb7 32. Kb2 bxc3+ 33. Rxc3 Rxc3 34. Kxc3 Bf5 35. Kb2 Qb5 36. Rd1 Qe2+ 37. Rd2 Qe1 38. Qxd5 Qb1+ 39. Ka3 Qc1+ 40. Kb4 Qe1 41. Kc5 Be6 42. Qd8+ Kh7 43. b4 Qc1+ 44. Kb6 Qc3 45. Qd4 Qc8 46. b5 Qb8+ 47. Ka5 Qa8+ 48. Kb4 Qf3 49. Rd3 Qh1 50. b6 Qb1+ 51. Kc5 Qa2 52. Rc3 Qa5+ 53. Kd6 Qa8 54. Rc7 Qf8+ 55. Kc6 Qe8+ 56. Kc5 Qf8+ 57. Qd6 Qa8 58. Ra7 Qc8+ 59. Qc7 Qf8+ 60. Qe7 Qc8+ 61. Rc7 Qa6 62. Ra7 Qc4+ 63. Kd6 Qb4+ 64. Ke5 Qxb6 65. Qa3 Qxf2 66. Ra4 Qf5+ 67. Kd4 Qf2+ 68. Kc3 Qe3+ 69. Kb4 Qd4+ 70. Ka5 1/2-1/2

[Event "Tiradentes op"]
[Site "Tiradentes"]
[Date "2014.04.21"]
[Round "7"]
[White "De Matos, Rodrigo Bezerra"]
[Black "Amancio, Arnaldo Regis"]
[Result "1/2-1/2"]
[WhiteElo "1984"]
[BlackElo "1938"]
[PlyCount "102"]
[EventDate "2014.04.18"]
[EventType "swiss"]
[EventRounds "7"]
[EventCountry "BRA"]
[SourceTitle "CBM 160 Extra"]
[Source "ChessBase"]
[SourceDate "2014.07.01"]
[SourceVersion "1"]
[SourceVersionDate "2014.07.01"]
[SourceQuality "1"]

1. Nf3 Nf6 2. d4 g6 3. c4 Bg7 4. Nc3 d5 5. cxd5 Nxd5 6. e4 Nxc3 7. bxc3 c5 8. Rb1 Nc6 9. d5 Na5 10. Qd3 0-0 11. Be2 b6 12. 0-0 e6 13. Bg5 Qd7 14. c4 exd5 15. cxd5 Qa4 16. Rfc1 Re8 17. Qe3 Qxe4 18. Bb5 Qxe3 19. fxe3 Re4 20. d6 f6 21. Bf4 Be6 22. Bd3 Rxf4 23. exf4 Rd8 24. f5 Bxa2 25. Rb2 Bf7 26. d7 Rxd7 27. Bb5 Rd5 28. Re1 Kf8 29. Rbe2 c4 30. Be8 Rd8 31. Bxf7 Kxf7 32. Re7+ Kf8 33. Nd4 Bh6 34. Rxh7 Rxd4 35. Rxh6 c3 36. fxg6 c2 37. Rh8+ Kg7 38. Rh7+ Kxg6 39. Rc7 Rd1 40. Kf2 c1Q 41. Rxc1 Rxc1 42. Rxc1 Nb3 43. Rc7 a5 44. Rb7 Kf5 45. Rxb6 a4 46. Rb4 Nd2 47. Rxa4 Ne4+ 48. Rxe4 Kxe4 49. h4 Kf4 50. h5 Kg5 51. g4 f5 1/2-1/2

[Event "Tiradentes op"]
[Site "Tiradentes"]
[Date "2014.04.20"]
[Round "5"]
[White "Lemos, Anderson Willian Pe"]
[Black "De Matos, Rodrigo Bezerra"]
[Result "0-1"]
[WhiteElo "1805"]
[BlackElo "1984"]
[PlyCount "40"]
[EventDate "2014.04.18"]
[EventType "swiss"]
[EventRounds "7"]
[EventCountry "BRA"]
[SourceTitle "CBM 160 Extra"]
[Source "ChessBase"]
[SourceDate "2014.07.01"]
[SourceVersion "1"]
[SourceVersionDate "2014.07.01"]
[SourceQuality "1"]

1. Nf3 Nf6 2. g3 e6 3. Bg2 d5 4. 0-0 c5 5. d3 Nc6 6. Nbd2 Be7 7. Re1 0-0 8. e4 Re8 9. c3 b6 10. e5 Nd7 11. d4 Qc7 12. Nb3 cxd4 13. cxd4 h6 14. Bd2 a5 15. a3 Ba6 16. Bf1 Bxf1 17. Kxf1 Qa7 18. Qe2 Rec8 19. Rec1 a4 20. Qb5 Qa6 0-1

[Event "Tiradentes op"]
[Site "Tiradentes"]
[Date "2014.04.18"]
[Round "2"]
[White "De Matos, Rodrigo Bezerra"]
[Black "Leite Filho, Newton Crispino"]
[Result "1-0"]
[WhiteElo "1984"]
[BlackElo "1829"]
[PlyCount "85"]
[EventDate "2014.04.18"]
[EventType "swiss"]
[EventRounds "7"]
[EventCountry "BRA"]
[SourceTitle "CBM 160 Extra"]
[Source "ChessBase"]
[SourceDate "2014.07.01"]
[SourceVersion "1"]
[SourceVersionDate "2014.07.01"]
[SourceQuality "1"]

1. d4 d5 2. c4 e6 3. Nc3 Nf6 4. Nf3 c6 5. Qc2 Nbd7 6. Bf4 Bb4 7. e3 Qa5 8. Nd2 0-0 9. Bd3 Re8 10. Bg3 e5 11. Nb3 Qd8 12. cxd5 exd4 13. Nxd4 Nc5 14. Be2 Nxd5 15. 0-0 Bxc3 16. bxc3 Ne4 17. Bd3 Nxg3 18. hxg3 g6 19. Rab1 c5 20. Nf3 Qf6 21. e4 c4 22. exd5 cxd3 23. Qd2 b6 24. Rb4 Bf5 25. Rf4 g5 26. Rd4 h6 27. Re1 g4 28. Nh4 Bh7 29. Rxg4+ Kh8 30. Rf4 Qg5 31. c4 Re5 32. Rxe5 Qxe5 33. Rxf7 Qg5 34. Nf3 Qg6 35. Ne5 Qg5 36. Qxg5 hxg5 37. Kf1 d2 38. Ke2 Re8 39. f4 gxf4 40. gxf4 Bg6 41. Rxa7 Bh5+ 42. Kxd2 Rg8 43. g4 1-0

[Event "Fortaleza Borges Memorial 11th"]
[Site "Fortaleza"]
[Date "2013.12.05"]
[Round "5.3"]
[White "Lima Neto, Pedro"]
[Black "De Matos, Rodrigo Bezerra"]
[Result "1-0"]
[WhiteElo "2069"]
[BlackElo "2006"]
[PlyCount "61"]
[EventDate "2013.11.26"]
[EventType "swiss"]
[EventRounds "6"]
[EventCountry "BRA"]
[SourceTitle "EXT 2022"]
[Source "ChessBase"]
[SourceDate "2021.10.06"]
[SourceVersion "1"]
[SourceVersionDate "2021.10.06"]
[SourceQuality "1"]

1. Nf3 Nf6 2. c4 g6 3. Nc3 c5 4. g3 Bg7 5. Bg2 Nc6 6. 0-0 0-0 7. d4 cxd4 8. Nxd4 Qb6 9. Nb3 Ne5 10. c5 Qd8 11. Qc2 Rb8 12. Rd1 Qe8 13. Nb5 a6 14. N5d4 Nc6 15. h3 e5 16. Nf3 Qe7 17. Be3 h6 18. Nfd2 Nh5 19. Nc4 Kh7 20. Rd6 Nd8 21. Rad1 f5 22. Bf3 Nf6 23. Nb6 Ne6 24. Nd5 Nxd5 25. Bxd5 f4 26. Bc1 Qg5 27. Bf3 Rf7 28. h4 Qf6 29. h5 Bf8 30. hxg6+ Qxg6 31. Be4 1-0

[Event "Fortaleza Alves memorial 17th"]
[Site "Fortaleza"]
[Date "2013.05.18"]
[Round "3"]
[White "Lemos, Dawton Almino"]
[Black "De Matos, Rodrigo Bezerra"]
[Result "0-1"]
[WhiteElo "1986"]
[BlackElo "1835"]
[PlyCount "78"]
[EventDate "2013.05.17"]
[EventType "swiss"]
[EventRounds "6"]
[EventCountry "BRA"]
[SourceTitle "CBM 154 Extra"]
[Source "ChessBase"]
[SourceDate "2013.06.25"]
[SourceVersion "2"]
[SourceVersionDate "2013.06.25"]
[SourceQuality "1"]

1. e4 g6 2. d4 Bg7 3. f4 e6 4. Nf3 Ne7 5. Bd3 d6 6. Be3 Nd7 7. c3 b6 8. Nbd2 Bb7 9. 0-0 0-0 10. Qe1 c5 11. Qh4 Nc6 12. Qg3 cxd4 13. Nxd4 Nc5 14. Nxc6 Bxc6 15. Bc2 Qe7 16. Rae1 Bb5 17. c4 Bc6 18. b3 Qb7 19. f5 Nxe4 20. Bxe4 Bxe4 21. f6 Bh8 22. Bh6 Bf5 23. Bxf8 Rxf8 24. Qg5 h6 25. Qh4 Kh7 26. g4 g5 27. Qg3 Bg6 28. Qxd6 Qb8 29. Qa3 Qe8 30. Qb2 e5 31. Rd1 Qc8 32. Qxe5 Qxg4+ 33. Kh1 Rd8 34. Qe1 Rxd2 35. Rxd2 Be4+ 36. Qxe4+ Qxe4+ 37. Rg2 Kg6 38. Kg1 Bxf6 39. Kh1 Bd4 0-1

[Event "Fortaleza Alves memorial 17th"]
[Site "Fortaleza"]
[Date "2013.05.17"]
[Round "2"]
[White "De Matos, Rodrigo Bezerra"]
[Black "Santos, Antonio Inacio Dos"]
[Result "1/2-1/2"]
[WhiteElo "1835"]
[BlackElo "2072"]
[PlyCount "44"]
[EventDate "2013.05.17"]
[EventType "swiss"]
[EventRounds "6"]
[EventCountry "BRA"]
[SourceTitle "CBM 154 Extra"]
[Source "ChessBase"]
[SourceDate "2013.06.25"]
[SourceVersion "2"]
[SourceVersionDate "2013.06.25"]
[SourceQuality "1"]

1. Nf3 Nf6 2. g3 g6 3. Bg2 Bg7 4. 0-0 0-0 5. c4 c6 6. d4 d5 7. cxd5 cxd5 8. Nc3 Nc6 9. Re1 e6 10. b3 Ne4 11. Bb2 f5 12. e3 Bd7 13. Re2 Be8 14. Ne1 Rc8 15. Rc1 Rf7 16. Nd3 Nxc3 17. Bxc3 b6 18. Rec2 Rfc7 19. Bf1 g5 20. Nb4 Nxb4 21. Bxb4 Rxc2 22. Rxc2 a5 1/2-1/2